| 000 | 00537nam a2200193Ia 4500 | ||
|---|---|---|---|
| 005 | 20250326142449.0 | ||
| 008 | 250326s9999 xx 000 0 und d | ||
| 020 | _a0-333-93920-4 | ||
| 037 | _aTextbook | ||
| 040 |
_aFMSL _beng _cFMSL |
||
| 041 |
_aeng _2eng |
||
| 084 |
_aB2893 N7;7 _qFMSL |
||
| 100 | _aSharma J K | ||
| 245 | 0 |
_aOperations research : theory and applications _cSharma J K |
|
| 260 |
_aDelhi _bDelhi, Macmillan _c1997 |
||
| 300 | _axxiv,1059 | ||
| 942 |
_cTB _hB2893 N7;7 |
||
| 999 |
_c1295147 _d1295147 |
||